Overcoming the Obstacles to the Relativity of Truth

Bibliographic Details
Main Author: Zeman, Dan (Author)
Format: Article
Language:Slovak
English
ISSN:1335-0668
Subjects:

MARC

LEADER 00000nab a2200000 a 4500
001 vtls008999774
003 SK-MaSNL
005 20260304135922.0
008 250505c2007 xo qr|p|||||||000 b|slo
015 |a SNBRB2007/06 
035 |a (uuid)719f6155-3f2d-48c3-8329-1e7ec082d14d 
035 |a urn:nbn:sk:snk-ab9jw8 
035 |a (urnnbn)urn:nbn:sk:snk:ar-a08hj1 
038 |a SNKBUCL 
040 |a SNKBUCL  |b slo  |c SNKBUCL  |e AACR2 
041 0 |a eng  |b eng 
044 |a xo  |c SK 
080 |a 165.023.1  |2 1997 
080 |a 111.83  |2 1997 
100 1 |a Zeman, Dan  |4 aut  |9 1455774 
245 1 0 |a Overcoming the Obstacles to the Relativity of Truth  |c Dan Zeman 
500 |a Bibliogr. odkazy 
504 |a Res. angl 
600 1 7 |a Marvan, Tomáš  |2 snkbucl  |9 78065 
650 0 7 |a pravda  |2 snkbucl  |9 14244 
650 0 7 |a relatívna pravda  |2 snkbucl  |9 1455775 
773 0 |t Organon F  |g Roč. XIV, č. 2 (2007), s. 232-241  |x 1335-0668 
850 |a Slovenská národná knižnica 
852 |a Slovenská národná knižnica 
958 |a article13 
958 |a OND 
958 |a SK 
958 |a NB 
958 |a EUIPO 
999 |c 2912759  |d 2914689